Word Ladder: Roughing It Quiz Stats

 Plays Quiz Updated Jan 15, 2013

Support Sporcle.
Go Orange.
Score 0/19 Timer 02:00
0 Plays Today
HINT WORD % Correct
Jimmy Walker's 'DYN-O-____!'MITE
93.8%
Δ TERMINATE EMPLOYMENT ΔΔ FIRE Δ
92.6%
Trigonometry or calculusMATH
92.3%
Bloke's chumMATE
89.4%
Δ WEB LOCATION ΔΔ SITE Δ
86.7%
Father a horse or dogSIRE
85%
Croc, pump, or clog locationFOOT
78.9%
Δ PC START UP ΔΔ BOOT Δ
77.2%
The Alamo, e.g.FORT
76.4%
Tiger's roar?FORE
70.8%
HINT WORD % Correct
Sour ____ bourbonMASH
61.3%
Wild partyBASH
60.6%
Shakespeare: 'The ____ of Avon'BARD
59.2%
Demand proof of ageCARD
58.6%
Dark Knight's foeBANE
57.3%
Δ LOW-END ΔΔ BASE Δ
49%
Δ UNCLE JOHN'S ____ ΔΔ BAND Δ
45.6%
Complain peevishlyCARP
30.9%
Δ COMMON BOND ΔΔ CAMP Δ
20.8%

Today's Daily Dose

Missing Word
'80s Musicals

Word Ladder
Hereditary

Get the Picture
Food Names

From the Vault

Olympics Hosts: Winter or Summer?

by nscox

Sports 4m
No matter the season, these Olympics hosts have a tall order to fill.
Remove Ads.
Support Sporcle.
Get the best of Sporcle when you Go Orange. This ad-free experience offers more features, more stats, and more fun while also helping to support Sporcle. Thank you for becoming a member.

Show Comments

Extras

Top Quizzes Today


Score Distribution

Your Account Isn't Verified!

In order to create a playlist on Sporcle, you need to verify the email address you used during registration. Go to your Sporcle Settings to finish the process.

Report this User

Report this user for behavior that violates our Community Guidelines.

Details: